Los conflictos ambientales y su tratamiento a través de la mediación (Record no. 113051)

MARC details
000 -LEADER
fixed length control field 00807nam a22002297a 4500
005 - DATE AND TIME OF LATEST TRANSACTION
control field 20241128125217.0
008 - FIXED-LENGTH DATA ELEMENTS--GENERAL INFORMATION
fixed length control field 230530p sp gr|||| 00| 0 spa|d
020 ## - INTERNATIONAL STANDARD BOOK NUMBER
International Standard Book Number 9788490853269
050 04 - LIBRARY OF CONGRESS CALL NUMBER
Classification number TD178.7.E8
Item number M66 2015
100 1# - MAIN ENTRY--PERSONAL NAME
Personal name Mondéjar Pedreño, Remedios
245 14 - TITLE STATEMENT
Title Los conflictos ambientales y su tratamiento a través de la mediación
Statement of responsibility, etc / Remedios Mondéjar Pedreño.
250 ## - EDITION STATEMENT
Edition statement 1a ed.
260 ## - PUBLICATION, DISTRIBUTION, ETC. (IMPRINT)
Place of publication, distribution, etc Madrid :
Name of publisher, distributor, etc Dykinson,
Date of publication, distribution, etc 2015
300 ## - PHYSICAL DESCRIPTION
Extent 207 p. ;
Dimensions 22 cm.
490 0# - SERIES STATEMENT
Series statement Práctica de Mediación
500 ## - GENERAL NOTE
General note Incluye páginas webs consultadas
504 ## - BIBLIOGRAPHY, ETC. NOTE
Bibliography, etc Incluye bibliografía : p. 203-204 e índice
600 ## - SUBJECT ADDED ENTRY--PERSONAL NAME
Titles and other words associated with a name
650 #0 - SUBJECT ADDED ENTRY--TOPICAL TERM
Topical term or geographic name as entry element Contaminación ambiental
General subdivision Prevención
Form subdivision Investigación
Geographic subdivision España
650 #0 - SUBJECT ADDED ENTRY--TOPICAL TERM
Topical term or geographic name as entry element Política ambiental
General subdivision Cooperación internacional
942 ## - ADDED ENTRY ELEMENTS (KOHA)
Source of classification or shelving scheme Biblioteca del Cogreso de los Estados Unidos
Koha item type Libro
Holdings
Estado de pérdida Fuente de clasificación Estado del daño No para préstamo Ubicación permanente Ubicación actual Apartado o colección Fecha de adquisición Fuente de adquisición Edición Dependencia de educación superior (DES) Área del conocimiento Clasificación Código de Barras Date last seen Número de copia Costo por reposición Tipo de recurso
  Biblioteca del Cogreso de los Estados Unidos   Uso interno Biblioteca Biblioteca de la Facultad de Economía Biblioteca de la Facultad de Economía General 27/11/2024 Posgrado Unidad Académica 1a ed. Ciencias Económico Administrativas Ingeniería y Tecnología TD178.7.E8 M66 2015 BFE000015486 10/02/2016 1 1.00 Libro